CS:GO - IEM Katowice 2019 - All teams and players - Statistics

General Stats
  • This quiz has been taken 5 times
  • The average score is 75 of 144
Answer Stats
Hint Answer % Correct
AdreN
100%
20-22nd Aerial
100%
Aleksib
100%
17-19th allu
100%
apEX
100%
1st Astralis
100%
autimatic
100%
AVANGAR
100%
BIG
100%
Cloud9
100%
coldzera
100%
9-11th device
100%
3-4th dupreeh
100%
EliGE
100%
15-16th ENCE
100%
f0rest
100%
FalleN
100%
FaZe
100%
felps
100%
fer
100%
flamie
100%
fnatic
100%
FURIA
100%
G2
100%
GeT_RiGhT
100%
5-8th gla1ve
100%
HObbit
100%
jks
100%
kennyS
100%
kioShiMa
100%
KSCERATO
100%
Liquid
100%
12-14th Magisk
100%
MIBR
100%
Natus Vincere
100%
NiKo
100%
Ninjas in Pyjamas
100%
olofmeister
100%
rain
100%
Renegades
100%
s1mple
100%
sergej
100%
somebody
100%
Spirit
100%
Stewie2K
100%
tabseN
100%
TACO
100%
TYLOO
100%
Vitality
100%
Xizt
100%
23-24th xseveN
100%
2nd Xyp9x
100%
Zeus
100%
ZywOo
100%
ALEX
50%
arT
50%
Attacker
50%
AZR
50%
bodyy
50%
Brollan
50%
buster
50%
chopper
50%
Complexity
50%
dennis
50%
dexter
50%
Edward
50%
electroNic
50%
flusha
50%
Gratisfaction
50%
GuardiaN
50%
HellRaisers
50%
JACKZ
50%
Jame
50%
jkaem
50%
jR
50%
JW
50%
KRIMZ
50%
Liazz
50%
Lucky
50%
n0rb3r7
50%
NAF
50%
NBK-
50%
nex
50%
nitr0
50%
NRG
50%
Qikert
50%
REZ
50%
RpK
50%
RUSH
50%
sdy
50%
shox
50%
twist
50%
Twistzz
50%
Vega Squadron
50%
XANTARES
50%
yuurih
50%
ableJ
0%
advent
0%
ANGE1
0%
aumaN
0%
BnTeT
0%
Boombl4
0%
Brehze
0%
CeRq
0%
COLDYY1
0%
crush
0%
daps
0%
DavCost
0%
DeadFox
0%
dephh
0%
DickStacy
0%
Dimaoneshot
0%
erkaSt
0%
Ethan
0%
fitch
0%
Freeman
0%
FugLy
0%
gob b
0%
Grayhound
0%
hutji
0%
ISSAA
0%
kaze
0%
KrizzeN
0%
Kvik
0%
Lekr0
0%
malta
0%
n0thing
0%
Rickeh
0%
S0tF1k
0%
ShahZaM
0%
stanislaw
0%
sterling
0%
Summer
0%
tiziaN
0%
tonyblack
0%
ViCi
0%
VINI
0%
wayLander
0%
Winstrike
0%
WorldEdit
0%
woxic
0%
xccurate
0%
Zellsis
0%
zhokiNg
0%
No matching quizzes found
Score Distribution
Percent of People with Each Score
Percentile by Number Answered
Your Score History
You have not taken this quiz